Socialism : An economic and sociological analysis
Đã lưu trong:
| Hovedforfatter: | |
|---|---|
| Format: | Bog |
| Sprog: | Undetermined |
| Udgivet: |
New Haven
Yale University Press
1951
|
| Fag: | |
| Tags: |
Tilføj Tag
Ingen Tags, Vær først til at tagge denne postø!
|
| Thư viện lưu trữ: | Trung tâm Học liệu Trường Đại học Cần Thơ |
|---|
| LEADER | 00485nam a2200181Ia 4500 | ||
|---|---|---|---|
| 001 | CTU_78740 | ||
| 008 | 210402s9999 xx 000 0 und d | ||
| 082 | |a 335 | ||
| 082 | |b M678 | ||
| 100 | |a Mises, Ludwig von | ||
| 245 | 0 | |a Socialism : | |
| 245 | 3 | |b An economic and sociological analysis | |
| 245 | 0 | |c Ludwig von Mises | |
| 260 | |a New Haven | ||
| 260 | |b Yale University Press | ||
| 260 | |c 1951 | ||
| 650 | |a Socialism | ||
| 980 | |a Trung tâm Học liệu Trường Đại học Cần Thơ | ||